000 01064ngm a22003130a 4500
001 PT40549
003 AR-LpoUNG
005 20210201235904.0
007 vd cvaizq
008 191001s2007||||ag |||||||||||||||||spa d
040 _aAR-LpoUNG
_bspa
_cAR-LpoUNG
_eaacr
041 _aspa
044 _aag
082 0 _a808.068 61har
245 1 0 _aHarry y su cubeta de dinosaurios
260 _aBuenos Aires :
_bDifusión,
_c2007.
300 _aDVD (70 min.) : son., col.
505 0 _aMenús Interactivos
520 _aDirigida a niños en etapa preescolar, la serie animada sigue las aventuras de Harry, un niño de cinco años que posee una cubeta mágica donde viven sus dinosaurios de juguete. Cuando él salta dentro de la cubeta, es transportado a un mundo donde sus dinosaurios cobran vida y se convierten en sus mejores amigos.
651 4 _azz
653 _aANIMACION
653 _aDVD
653 _aVIDEOS
653 _aVIDEOS DIDACTICOS
653 _aVIDEOS INFANTILES
710 2 _aCCI Entertainment
905 _a40549
942 _cDVD
999 _c53716
_d53716